El príncipe y su pueblo ó Deberes del pueblo español hácia su legítimo rey el señor D. Fernando 7º / (Record no. 156513)
[ view plain ]
| 000 -LEADER | |
|---|---|
| campo de control de longitud fija | 01150nam a22002415i 4500 |
| 001 - NÚMERO DE CONTROL | |
| campo de control | 156513 |
| 003 - IDENTIFICADOR DE NÚMERO DE CONTROL | |
| campo de control | ES-MaACL |
| 005 - FECHA Y HORA DE LA ÚLTIMA TRANSACCIÓN | |
| campo de control | 20250905131643.0 |
| 008 - DATOS DE LONGITUD FIJA--INFORMACIÓN GENERAL | |
| campo de control de longitud fija | 990203s1830 sp f |||| | spa d |
| 040 ## - FUENTE DE CATALOGACIÓN | |
| Centro catalogador/agencia de origen | CCPB | B |
| Lengua de catalogación | spa |
| Centro/agencia transcriptor | CCPB | B |
| 100 1# - ENTRADA PRINCIPAL--NOMBRE DE PERSONA | |
| Nombre de persona | Juras Reales, Luis José María Moxó |
| Títulos y otros términos asociados al nombre | Barón de. |
| 9 (RLIN) | 128403 |
| 245 13 - MENCIÓN DEL TÍTULO | |
| Título | El príncipe y su pueblo ó Deberes del pueblo español hácia su legítimo rey el señor D. Fernando 7º / |
| Mención de responsabilidad, etc. | por el Barón de juras Reales. |
| 260 ## - PUBLICACIÓN, DISTRIBUCIÓN, ETC. | |
| Lugar de publicación, distribución, etc. | Barcelona : |
| Nombre del editor, distribuidor, etc. | [s.n.], |
| Fecha de publicación, distribución, etc. | 1830 ( |
| Fabricante | Imprenta de José Torner) |
| 300 ## - DESCRIPCIÓN FÍSICA | |
| Extensión | [6], 139 p., [1] h. de lám. ; |
| Dimensiones | 20 cm. |
| 530 ## - NOTA DISPONIBLE DE FORMULARIO FÍSICO ADICIONAL | |
| Nota de formato físico adicional disponible | Disponible en formato digital. |
| 599 ## - NOTA A LAS ILUSTRACIONES | |
| NOTA A LAS ILUSTRACIONES | La h. de lámina es un grabado calcográfico firmado por: "B. Planella lo dib., J. Amills lo gr." |
| 600 04 - PUNTO DE ACCESO ADICIONAL DE MATERIA--NOMBRE DE PERSONA | |
| Nombre de persona | Fernando |
| Numeración | VII, |
| Títulos y otros términos asociados al nombre | Rey de España |
| 9 (RLIN) | 50206 |
| 651 #4 - PUNTO DE ACCESO ADICIONAL DE MATERIA--NOMBRE GEOGRÁFICO | |
| Nombre geográfico | España- |
| Subdivisión general | Historia- |
| Subdivisión cronológica | 1814-1833, Fernando VII |
| 9 (RLIN) | 8248 |
| 700 1# - ENTRADA AGREGADA--NOMBRE PERSONAL | |
| Nombre de persona | Planella, Buenaventura, |
| Fechas asociadas al nombre | 1772-1844 |
| 9 (RLIN) | 155653 |
| 852 ## - LOCALIZACIÓN | |
| Ubicación | ES-MaACL |
| Número de control de estantería | T-1467-F-7 |
| Nota libre | -- Enc. hol. |
| -- | -- Enc. en un vol. facticio |
| 856 ## - LOCALIZACIÓN Y ACCESO ELECTRÓNICOS | |
| Identificador Uniforme de Recursos | <a href="http://bdh-rd.bne.es/viewer.vm?id=0000147213&page=1 ">http://bdh-rd.bne.es/viewer.vm?id=0000147213&page=1 </a> |
| Nota pública | Biblioteca Digital Hispánica |
| Estatus retirado | Estado de pérdida | Estado de daño | No para préstamo | Colección | Biblioteca de origen | Biblioteca actual | Ubicación en estantería | Fecha de adquisición | Total de préstamos | Signatura topográfica completa | Código de barras | Visto por última vez | Precio de reemplazo | Tipo de ítem Koha |
|---|---|---|---|---|---|---|---|---|---|---|---|---|---|---|
| Colección de folletos | Biblioteca del Ateneo de Madrid | Biblioteca del Ateneo de Madrid | Depósito folletos | 17/01/2008 | T-1467-F-7 | 1163749 | 23/02/2023 | 23/02/2023 | Folleto |
